Statistics for Listen and Guess the National Anthem

Click here to take the quiz!

General Stats

  • This quiz has been taken 45 times
  • The average score is 5 of 10

Answer Stats

AnthemAnswer% Correct
ListenUnited Kingdom / Liechtenstein
88%
ListenItaly
84%
ListenRussia
81%
ListenUnited States
72%
ListenPoland
47%
ListenTurkey
41%
ListenIndia
38%
ListenIsrael
34%
ListenSouth Africa
25%
ListenSouth Korea
19%

Score Distribution

Percentile by Number Answered

Percent of People with Each Score

Your Score History

You have not taken this quiz